000 00691nam a2200277Ia 4500
005 20260324123859.0
008 008 260324s9999 xx 000 0 eng d
020 _a9780429103919
037 _aEBOOK
040 _aCRL
040 _beng
040 _cCRL
041 _2eng
041 _aeng
084 _qCRL
100 _aRong-Jun Xie; Naoto Hirosaki; Hajime Yamamoto; Yuan Qiang Li
_91172007
245 0 _aNitride Phosphors and Solid-State Lighting
260 _bTaylor and Francis
260 _c2011
365 _a
365 _b370
856 _uhttp://www.taylorfrancis.com/books/9780429103919
942 _cEBOOK
999 _c1765898
_d1765898